Australian State and Territory Abbreviations - Statistics

General Stats
  • This quiz has been taken 53 times
  • The average score is 7 of 8
Answer Stats
# State/Territory % Correct
NSW New South Wales
100%
QLD Queensland
100%
TAS Tasmania
97%
VIC Victoria
97%
SA South Australia
90%
WA Western Australia
90%
NT Northern Territory
83%
ACT Australian Capital Territory
80%
No matching quizzes found
Score Distribution
Percent of People with Each Score
Percentile by Number Answered
Your Score History
You have not taken this quiz